000 01511nam a2200241 a 4500
008 130719s2005 ||||||||||||||||| || u
050 _aCOMESA(058)AWTO/2005
100 _aMangeni, Francis
245 1 0 _aAfrica and the World Trade Organisation: an officials brief for the Cancun Ministerial Conference
_cPrepared for COMESA by Francis Mangeni
260 _aLusaka:
_c2005
300 _a23p.
362 1 _a<p>Officials brief for the cancun ministerial conference.</p>
500 _aBibliography
650 _aCANCUN MINISTERIAL CONFERENCE
650 _aAFRICA--COMMERCE
650 _aAFRICA--TRADE
995 _aSPECIAL COLLECTIONS
_e798
_FCBU-MAIN LIBRARY (Kitwe)
_jCOMESA(058)AWTO/2005B
_M2
_UAVAILABLE
_WJul 30, 2013
_yB798
_ZInternational Publications
995 _aSPECIAL COLLECTIONS
_e801
_FCBU-MAIN LIBRARY (Kitwe)
_jCOMESA(058)AWTO/2005E
_M5
_UAVAILABLE
_WJul 30, 2013
_yB801
_ZInternational Publications
995 _aSPECIAL COLLECTIONS
_e802
_FCBU-MAIN LIBRARY (Kitwe)
_jCOMESA(058)AWTO/2005F
_M6
_UAVAILABLE
_WJul 30, 2013
_yB802
_ZInternational Publications
995 _aSPECIAL COLLECTIONS
_e799
_FCBU-MAIN LIBRARY (Kitwe)
_jCOMESA(058)AWTO/2005C
_M3
_UAVAILABLE
_WJul 30, 2013
_yB799
_ZInternational Publications
995 _aSPECIAL COLLECTIONS
_e797
_FCBU-MAIN LIBRARY (Kitwe)
_jCOMESA(058)AWTO/2005A
_M1
_UAVAILABLE
_WJul 30, 2013
_yB797
_ZInternational Publications
995 _aSPECIAL COLLECTIONS
_e800
_FCBU-MAIN LIBRARY (Kitwe)
_jCOMESA(058)AWTO/2005D
_M4
_UAVAILABLE
_WJul 30, 2013
_yB800
_ZInternational Publications
999 _c83762
_d83762